| 000 -LEADER |
| fixed length control field |
00524cam a22001457a 4500 |
| 008 - FIXED-LENGTH DATA ELEMENTS--GENERAL INFORMATION |
| fixed length control field |
180718b1953 xxu||||| |||| 00| 0 eng d |
| 082 ## - DEWEY DECIMAL CLASSIFICATION NUMBER |
| Classification number |
Y1503x5442 G959 |
| 100 ## - MAIN ENTRY--PERSONAL NAME |
| Personal name |
Gupte, K.S. |
| 245 ## - TITLE STATEMENT |
| Title |
The Bombay land revenue code, 1879, Bombay act no.v. of 1879 as amended upto-date |
| Statement of responsibility, etc. |
by K.S. Gupte |
| 250 ## - EDITION STATEMENT |
| Edition statement |
4th ed. |
| 260 ## - PUBLICATION, DISTRIBUTION, ETC. |
| Place of publication, distribution, etc. |
Poona |
| Name of publisher, distributor, etc. |
Western India Law Printing Press |
| Date of publication, distribution, etc. |
1953 |
| 300 ## - PHYSICAL DESCRIPTION |
| Extent |
985p. |
| 650 ## - SUBJECT ADDED ENTRY--TOPICAL TERM |
| Topical term or geographic name entry element |
Land tenure --India --Bombay (State) |
| 650 ## - SUBJECT ADDED ENTRY--TOPICAL TERM |
| Topical term or geographic name entry element |
Real property tax --Law and legislation --India --Bombay (State) |